Entry Personal Name
Number of records used in: 2
001 - CONTROL NUMBER
003 - CONTROL NUMBER IDENTIFIER
005 - DATE AND TIME OF LATEST TRANSACTION
- control field:
20250524102710.0
008 - FIXED-LENGTH DATA ELEMENTS
- fixed length control field:
821015n| azannaabn |b aaa
010 ## - LIBRARY OF CONGRESS CONTROL NUMBER
- LC control number:
n 82097366
035 ## - SYSTEM CONTROL NUMBER
- System control number:
(OCoLC)oca00793951
040 ## - CATALOGING SOURCE
- Original cataloging agency:
DLC
- Language of cataloging:
eng
- Description conventions:
rda
- Transcribing agency:
DLC
- Modifying agency:
DLC
- Modifying agency:
OCoLC
- Modifying agency:
NIC
046 ## - SPECIAL CODED DATES
100 1# - HEADING--PERSONAL NAME
- Personal name:
Daft, Richard L.
373 ## - ASSOCIATED GROUP
- Associated group:
Vanderbilt University
- Source of term:
naf
400 1# - SEE FROM TRACING--PERSONAL NAME
670 ## - SOURCE DATA FOUND
- Source citation:
His The innovative organization, c1977.
670 ## - SOURCE DATA FOUND
- Source citation:
London, A. Multicultural diversity module, c1993:
- Information found:
t.p. (Richard Daft; Vanderbilt Univ.)
670 ## - SOURCE DATA FOUND
- Source citation:
Essentials of organization theory and design, 2000:
- Information found:
CIP t.p. (Richard L. Daft) data sh. (b. Dec. 07, 1941)